000 00498nam a22001817a 4500
005 20170811163637.0
010 _aENG-119642
020 _a9788179664346
_c200.00
035 _aEN-103174
037 _bDBAD/PUB
082 _aN
100 _aManoharan Ramand
245 _aA 42 gun salute /
_cby Manoharan Ramnad
260 _aChennai
_bEmerald Publishers
_c2017
270 _a15a.First Floor, Casa Major Road Egmore
_bChennai
_e600008
300 _a298p.
_c22cm(Hb)
942 _2ddc
_cEN
_hN
_mMAN
999 _c143308
_d143308